| 000 | 01115nam a2200325 a 4500 | ||
|---|---|---|---|
| 005 | 20240515102732.0 | ||
| 008 | 100708s2017||||ag f |||| 001 0 spa d | ||
| 020 | _a9789871639748 | ||
| 041 | _aspa | ||
| 092 |
_c618.2 _l47 _sLAS |
||
| 245 | 4 |
_aLas preguntas de la embarazada / _cGustavo Izbizky |
|
| 250 | _a2a ed. | ||
| 260 |
_aBuenos Aires: _bdelhospital ediciones; _c2017. |
||
| 300 |
_a272 p. _c22x16 cm. |
||
| 500 | _aIzbizky, G. et al. (2017). Las preguntas de la embarazada. (2a ed.). Buenos Aires : delhospital ediciones. | ||
| 653 | _aAntes del embarazo | ||
| 653 | _aInicio del embarazo | ||
| 653 | _aControl prenatal durante el embarazo | ||
| 653 | _aCostumbres y hábitos durante el embarazo | ||
| 653 | _aCambios físicos durante el embarazo | ||
| 653 | _aComplicaciones durante el embarazo | ||
| 653 | _aPreparación para el parto y nacimiento del bebé | ||
| 653 | _aPuerperio | ||
| 653 | _aLactancia | ||
| 700 | 1 |
_aIzbizky, Gustavo _93430 |
|
| 700 | 1 |
_aLage, María Fernanda _93431 |
|
| 700 | 1 |
_aMercanzini, Laura _93432 |
|
| 700 | 1 |
_aSebastiani, Mario _93433 |
|
| 942 |
_2ddc _cBK |
||
| 999 |
_c2603 _d2603 |
||